000 00604nam a22001937a 4500
003 OSt
005 20150921135705.0
008 130220t xxu||||| |||| 00| 0 eng d
020 _a9789719803010
050 _aLB 2394
_b.R45 2015
100 _a Reganit, Arnulfo Aaron R.
245 _aField study 3 :
_cArnulfo Aaron R. Reganit, Renato L. Gavino.
_btechnology in the learning environment : activity sheets /
260 _aQuezon City :
_bC & E Publishing, Inc.,
_c2015.
300 _aviii, 30 pages ;
_c25 cm.
526 _c1210L-1700L
562 _e1
942 _2lcc
_cBK
_kLOC
999 _c288706
_d288706